000 00294nam a22001337a 4500
008 170329b xxu||||| |||| 00| 0 eng d
020 _a0721624766
041 _aeng
080 _26ED
_a616-053.2
100 _a8
101 _aSHM
245 _aDISEASE OF NEWBORN
_cTAEUSCH.H.W
942 _2udc
_cBK
999 _c8991
_d8991